Liber sancti iacobi codex calixtinus / (Registro nro. 24953)
[ vista simple ]
| 000 -LEADER | |
|---|---|
| fixed length control field | 01388cam a2200361 i 4500 |
| 001 - CONTROL NUMBER | |
| control field | 24953 |
| 003 - CONTROL NUMBER IDENTIFIER | |
| control field | Mx-PuUPA |
| 005 - DATE AND TIME OF LATEST TRANSACTION | |
| control field | 20191120135701.0 |
| 008 - FIXED-LENGTH DATA ELEMENTS--GENERAL INFORMATION | |
| fixed length control field | 140415s2004 sp h r 000 0 spa d |
| 020 ## - INTERNATIONAL STANDARD BOOK NUMBER | |
| International Standard Book Number | 8445337068 |
| 040 ## - CATALOGING SOURCE | |
| Original cataloging agency | Mx-PuUPA |
| Language of cataloging | spa |
| Transcribing agency | Mx-PuUPA |
| Modifying agency | Mx-PuUPA |
| Description conventions | rda |
| 041 1# - LANGUAGE CODE | |
| Language code of text/sound track or separate title | spa |
| Language code of original | und |
| 110 1# - MAIN ENTRY--CORPORATE NAME | |
| 9 (RLIN) | 9428 |
| Corporate name or jurisdiction name as entry element | Galicia (Spain : Region). |
| Subordinate unit | Xunta |
| 245 10 - TITLE STATEMENT | |
| Title | Liber sancti iacobi codex calixtinus / |
| Statement of responsibility, etc. | traducción, Abelardo Moralejo, Casimiro Torres, Julio Feo ; edición revisada por Juan J. Moralejo y María José García Blanco |
| 264 #1 - PRODUCTION, PUBLICATION, DISTRIBUTION, MANUFACTURE, AND COPYRIGHT NOTICE | |
| Place of production, publication, distribution, manufacture | Santiago de Compostela, España : |
| Name of producer, publisher, distributor, manufacturer | Xunta de Galicia, |
| Date of production, publication, distribution, manufacture, or copyright notice | 2004 |
| 300 ## - PHYSICAL DESCRIPTION | |
| Extent | xxx, 712 páginas : |
| Other physical details | facsímiles ; |
| Dimensions | 24 cm. |
| 336 ## - CONTENT TYPE | |
| Fuente | rdacontent |
| Content type term | texto |
| Content type code | txt |
| 337 ## - MEDIA TYPE | |
| Source | rdamedia |
| Media type term | sin medio |
| Media type code | n |
| 338 ## - CARRIER TYPE | |
| Source | rdacarrier |
| Carrier type term | volumen |
| Carrier type code | nc |
| 490 0# - SERIES STATEMENT | |
| Series statement | XACOBEO 2004. Galicia |
| 600 14 - SUBJECT ADDED ENTRY--PERSONAL NAME | |
| Personal name | Santiago, |
| Titles and other words associated with a name | Santo |
| Dates associated with a name | m. ca. 42 |
| General subdivision | Culto |
| 650 #4 - SUBJECT ADDED ENTRY--TOPICAL TERM | |
| Topical term or geographic name entry element | Catedral de Santiago de Compostela |
| 650 #4 - SUBJECT ADDED ENTRY--TOPICAL TERM | |
| Topical term or geographic name entry element | Historia |
| General subdivision | Fuentes |
| 700 1# - ADDED ENTRY--PERSONAL NAME | |
| Personal name | Moralejo, Abelardo, |
| Relator term | traductor |
| -- | director |
| -- | prologuista |
| 700 1# - ADDED ENTRY--PERSONAL NAME | |
| Personal name | Torres, Casimiro, |
| Relator term | traductor |
| 700 1# - ADDED ENTRY--PERSONAL NAME | |
| Personal name | Feo, Julio, |
| Relator term | traductor |
| 700 1# - ADDED ENTRY--PERSONAL NAME | |
| Personal name | Moralejo, Juan J., |
| Relator term | colaborador |
| 700 1# - ADDED ENTRY--PERSONAL NAME | |
| Personal name | García Blanco, María José, |
| Relator term | colaborador |
| 942 ## - ADDED ENTRY ELEMENTS (KOHA) | |
| Source of classification or shelving scheme | Dewey Decimal Classification |
| Koha item type | Libro |
| Classification part | 248.3 |
| Item part | L694 |
| Withdrawn status | Lost status | Source of classification or shelving scheme | Damaged status | Not for loan | Collection code | Home library | Current library | Shelving location | Date acquired | Source of acquisition | Total Checkouts | Full call number | Barcode | Date last seen | Date last checked out | Price effective from | Koha item type |
|---|---|---|---|---|---|---|---|---|---|---|---|---|---|---|---|---|---|
| Dewey Decimal Classification | General | Biblioteca Karol Wojtyla | Biblioteca Karol Wojtyla | Sala general | 03/12/2013 | Compra | 1 | 248.3 L694 2004 | 46590 | 21/04/2026 | 07/04/2026 | 03/12/2013 | Libro |